[Event "BEL-ch U20"]
[Site "Blankenberge"]
[Date "2017.04.15"]
[Round "9"]
[White "Barsegjan, Anusavan"]
[Black "Beukema, Louise"]
[Result "1-0"]
[WhiteElo "1608"]
[BlackElo "1439"]
[PlyCount "69"]
[EventDate "2017.04.09"]
[EventType "swiss"]
[EventRounds "9"]
[EventCountry "BEL"]
[SourceTitle "CBM 178 Extra"]
[Source "ChessBase"]
[SourceDate "2017.06.22"]
[SourceVersion "1"]
[SourceVersionDate "2017.06.22"]
[SourceQuality "1"]

1. e4 c5 2. Nf3 e6 3. d4 cxd4 4. Nxd4 Nc6 5. Be3 Nf6 6. Nd2 d5 7. Nxc6 bxc6 8. e5 Nd7 9. Nf3 Qc7 10. Bf4 g6 11. Bd3 Bg7 12. Qe2 Nc5 13. b4 Nxd3+ 14. Qxd3 0-0 15. 0-0 a5 16. Qc3 Ba6 17. Rfe1 Bc4 18. a3 Rfb8 19. Nd2 Bb5 20. Nb3 axb4 21. axb4 Bf8 22. Nc5 Bc4 23. Be3 Rxa1 24. Rxa1 Qb6 25. Na6 Bxb4 26. Qb2 Bc3 27. Qxc3 Qb1+ 28. Bc1 Qb6 29. Nxb8 Qxb8 30. Bh6 f5 31. exf6 Kf7 32. Bg7 e5 33. Qa3 Ke6 34. Qe7+ Kf5 35. f7 1-0

[Event "BEL-ch U18"]
[Site "Blankenberge"]
[Date "2015.04.13"]
[Round "3"]
[White "Barsegjan, Anusavan"]
[Black "Ramacker, Quinten"]
[Result "0-1"]
[WhiteElo "1623"]
[BlackElo "2070"]
[PlyCount "46"]
[EventDate "2015.04.12"]
[EventType "swiss"]
[EventRounds "9"]
[EventCountry "BEL"]
[SourceTitle "CBM 166 Extra"]
[Source "ChessBase"]
[SourceDate "2015.06.18"]
[SourceVersion "1"]
[SourceVersionDate "2015.06.18"]
[SourceQuality "1"]

1. e4 c5 2. Nf3 e6 3. d4 cxd4 4. Nxd4 Nc6 5. Be3 Qc7 6. Be2 a6 7. Nd2 Nf6 8. 0-0 d5 9. exd5 Nxd5 10. Bf3 Nxe3 11. fxe3 Bd6 12. h3 0-0 13. Ne4 Be7 14. Nxc6 bxc6 15. c4 Rb8 16. Qc2 f5 17. Nc3 Bc5 18. Rfe1 e5 19. Na4 Bb4 20. Red1 e4 21. Be2 Qg3 22. Nc3 Bc5 23. Kh1 Bxe3 0-1